The history of the Rhodesian Printing and Publishing Company ltd. (Record no. 118681)
[ view plain ]
| 000 -LEADER | |
|---|---|
| fixed length control field | 00852cam a22002531 4500 |
| 001 - CONTROL NUMBER | |
| control field | 1232502 |
| 003 - CONTROL NUMBER IDENTIFIER | |
| control field | ARRUPE |
| 005 - DATE AND TIME OF LATEST TRANSACTION | |
| control field | 20131126114153.0 |
| 008 - FIXED-LENGTH DATA ELEMENTS--GENERAL INFORMATION | |
| fixed length control field | 710318s1962 rh ac 000 0 eng |
| 010 ## - LIBRARY OF CONGRESS CONTROL NUMBER | |
| LC control number | 68038084 |
| 040 ## - CATALOGING SOURCE | |
| Original cataloging agency | DLC |
| Transcribing agency | DLC |
| Modifying agency | DLC |
| 043 ## - GEOGRAPHIC AREA CODE | |
| Geographic area code | f-mw--- |
| -- | f-rh--- |
| -- | f-za--- |
| 050 00 - LIBRARY OF CONGRESS CALL NUMBER | |
| Classification number | PN5499.R6 |
| Item number | G3 |
| 300 ## - PHYSICAL DESCRIPTION | |
| Other physical details | illus., ports. |
| Dimensions | 23 cm. |
| 100 1# - MAIN ENTRY--PERSONAL NAME | |
| Personal name | Gale, W. D. |
| Fuller form of name | (William Daniel) |
| 9 (RLIN) | 3827 |
| 245 14 - TITLE STATEMENT | |
| Title | The history of the Rhodesian Printing and Publishing Company ltd. |
| Statement of responsibility, etc | [by W. D. Gale.] |
| 260 ## - PUBLICATION, DISTRIBUTION, ETC. (IMPRINT) | |
| Place of publication, distribution, etc | Salisbury, |
| Name of publisher, distributor, etc | Rhodesian Print. & Pub. Co. |
| Date of publication, distribution, etc | [1962] |
| 300 ## - PHYSICAL DESCRIPTION | |
| Extent | 225 p. |
| 500 ## - GENERAL NOTE | |
| General note | At head of title: The Rhodesian press. |
| 610 20 - SUBJECT ADDED ENTRY--CORPORATE NAME | |
| Corporate name or jurisdiction name as entry element | Rhodesian Printing and Publishing Company. |
| 9 (RLIN) | 3828 |
| 650 #0 - SUBJECT ADDED ENTRY--TOPICAL TERM | |
| Topical term or geographic name as entry element | Press |
| Geographic subdivision | Zimbabwe. |
| 9 (RLIN) | 3829 |
| 740 0# - ADDED ENTRY--UNCONTROLLED RELATED/ANALYTICAL TITLE | |
| Uncontrolled related/analytical title | Rhodesian press. |
| 906 ## - LOCAL DATA ELEMENT F, LDF (RLIN) | |
| a | 7 |
| b | cbc |
| c | orignew |
| d | u |
| e | ocip |
| f | 19 |
| g | y-gencatlg |
| 942 ## - ADDED ENTRY ELEMENTS (KOHA) | |
| Source of classification or shelving scheme | Library of Congress Classification |
| Koha item type | Monograph ( Printed materials) |
| Withdrawn status | Lost status | Source of classification or shelving scheme | Damaged status | Not for loan | Home library | Current library | Shelving location | Date acquired | Total Checkouts | Full call number | Barcode | Date last seen | Price effective from | Koha item type |
|---|---|---|---|---|---|---|---|---|---|---|---|---|---|---|
| Library of Congress Classification | ARRUPE LIBRARY | ARRUPE LIBRARY | Main Collection | 26/11/2013 | PN5499.R6 G3 | 46411631 | 27/03/2019 | 26/11/2013 | Monograph ( Printed materials) |